Vplyv klimatickej zmeny na urbanizované územie
Salvato in:
| Autore principale: | |
|---|---|
| Altri autori: | |
| Natura: | Manoscritto Libro |
| Lingua: | slovacco |
| Pubblicazione: |
2015
|
| Soggetti: | |
| Accesso online: | http://is.stuba.sk/zp/portal_zp.pl?podrobnosti=100493 https://opac.crzp.sk/?fn=detailBiblioForm&sid=E75B5E22D326BA6A98A292CFFF20 |
| Tags: |
Nessun Tag, puoi essere il primo ad aggiungerne!!
|
MARC
| LEADER | 00000ntm a22000003a 4500 | ||
|---|---|---|---|
| 001 | stuzp51818 | ||
| 003 | SK-STU | ||
| 005 | 20231012161327.4 | ||
| 007 | ta | ||
| 008 | 150427s2015----xo-----f-mn---000-0-slo-d | ||
| 040 | |a STU |b slo | ||
| 041 | 0 | |a slo | |
| 100 | 1 | |a Havašová, Justína |u 010280 |4 aut |U SvF Stavebná fakulta |T SvF Katedra zdravotného inžinierstva |X 67484 |U V280 |Y 29 |7 A000067484 | |
| 242 | 0 | 1 | |a Impact of climate change on urban areas |y eng |
| 245 | 1 | 0 | |a Vplyv klimatickej zmeny na urbanizované územie |
| 260 | |c 2015 | ||
| 650 | 4 | |a stoková sieť |2 slo | |
| 650 | 4 | |a klimatická zmena |2 slo | |
| 650 | 4 | |a MIKE URBAN |2 slo | |
| 650 | 4 | |a dažďový odtok |2 slo | |
| 650 | 4 | |a MIKE URBAN |2 eng | |
| 650 | 4 | |a sewer system |2 eng | |
| 650 | 4 | |a climate change |2 eng | |
| 650 | 4 | |a rain runoff |2 eng | |
| 700 | 1 | |a Holubec, Michal |4 ths |X 23153 |7 A000023153 | |
| 856 | 4 | |u http://is.stuba.sk/zp/portal_zp.pl?podrobnosti=100493 | |
| 856 | 4 | |u https://opac.crzp.sk/?fn=detailBiblioForm&sid=E75B5E22D326BA6A98A292CFFF20 | |
| SQL | |a stuzp51818 |b DDP |c SLO |d Vplyv klimatickej zmeny na urbanizované územie |e 67484 |f Havašová, Justína |g 010280 |h 23153 |i Holubec, Michal |j 20150616 |k 27 |l 01 |m http://is.stuba.sk/zp/portal_zp.pl?podrobnosti=100493 |n I-VSH |o 5.1.6. vodné stavby, 6.4.1. vodné hospodárstvo | ||